000 00647nam a2200241 i 4500
001 C2-0300766
003 PPAK
005 20180728082229.0
008 091119s2008 io |||| ||||| | may d
020 _a9789790770751
040 _aPPAK
_beng
_cPPAK
_erda
082 0 4 _a297.122
_223
090 0 0 _a297.122
_bASS
_dR
100 1 _aAs-Suyuthi, Jalaluddin,
_eauthor
245 1 0 _aSebab turunnya ayat Al-Qur'an
264 1 _aJakarta, Indonesia :
_bGema Insani ,
_c2008
300 _a653 pages ;
_c24 cm
336 _2rdacontent
_atext
337 _2rdamedia
_aunmediated
338 _2rdacarrier
_avolume
650 1 0 _aKoran.
942 _ddc
_cB
999 _c104620
_d104620